LDR 00694nam a2200181 i 4500 001 000000110851 003 CaOOAMICUS 005 20260409121658.0 008 021217n fr u000 u fre u 040 $aSeMil$bita 245 10$a[A-L]. 300 $aXXI, 1156 p. 773 0 $tDictionnaire historique de la langue française.$dParis : Dictionnaires Le Robert, 1992.$z2-85036-187-9$w()8193 850 $aSeMil 852 $aSeMil$W1$xVenegono$y1$mSL1.A IV 12/1$j269954$B66710$CSeMilBibl$Z2$F83661 $8I 961 $aOmaggio: Martini Card. Carlo Maria. -- Dedica autografa di Alessandro Antoniazzi al Card. C.M. Martini. 996 $6245$a[A-L]$9(OLS)http://semarc/title/76840